000 00840cam a22002412 4500
001 0000011391
005 20220502110740.0
008 060911s2002 xxa 000 0 spa d
040 _aTaller 5
041 1 _aspa
245 0 0 _aAndrea Palladio /
_ceditor Paco Asensio, fotografías Pino Guidolotti.
260 _aBarcelona :
_bH-Kliczkowski - Onlybook,
_c2002.
300 _a79 p. :
_bil. ;
_c16 cm.
500 _a Colección Externa (Diseño de Interiores)
590 _a200612
590 _aTECNICA PROFESIONAL EN DISEÑO DE INTERIORES
600 1 0 _aPALLADIO, ANDREA,
_d1508-1580
_xTRABAJOS ARQUITECTÓNICOS.
_9100203
650 0 _aARQUITECTURA ITALIANA.
_993986
700 1 _aAsensio, Paco,
_eEd.
_981757
700 1 _aGuidolotti, Pino,
_eFot.
_9100204
908 _a060911
999 _c11834
_d11834